Skip to main content
Your cart is empty.
Your lists
Log in to create your own lists
Your cookies
العربية
English
العربية
Home
Search
Advanced search
Authority search
About
The noble scholar, jurist, historian
His Excellency Dr. Abdul Wahhab bin Ibrahim Abu Sulaiman, may Allah have mercy on him.
He was born in Umm Al-Qura in the year 1356 AH.
Library catalog
Title
Author
Subject
ISBN
ISSN
Series
Call number
Log in to your account
×
Login:
Password:
Home
MARC view: جمهرة نسب قريش وأخبارها /
Normal view
MARC view
ISBD view
جمهرة نسب قريش وأخبارها / (Record no. 5149)
[
view plain
]
MARC details
000 -LEADER
fixed length control field
02480cam a22003371i 4500
003 - CONTROL NUMBER IDENTIFIER
control field
SA-RiAUC
005 - DATE AND TIME OF LATEST TRANSACTION
control field
20250123162512.0
008 - FIXED-LENGTH DATA ELEMENTS--GENERAL INFORMATION
fixed length control field
250123s1999 ua g 00010 ara d
020 ## - INTERNATIONAL STANDARD BOOK NUMBER
International Standard Book Number
9960906094
035 ## - SYSTEM CONTROL NUMBER
System control number
182015
040 ## - CATALOGING SOURCE
Original cataloging agency
TAIF
Language of cataloging
ara
Transcribing agency
SA-RiAUC
Description conventions
rda
082 04 - DEWEY DECIMAL CLASSIFICATION NUMBER
Classification number
929.1
Assigning agency
SA-RiAUC
090 ## - LOCALLY ASSIGNED LC-TYPE CALL NUMBER (OCLC); LOCAL CALL NUMBER (RLIN)
Classification number (OCLC) (R) ; Classification number, CALL (RLIN) (NR)
929.1
Local cutter number (OCLC) ; Book number/undivided call number, CALL (RLIN)
ز ب ي
100 0# - MAIN ENTRY--PERSONAL NAME
Personal name
الزبير بن بكار بن عبد الله،
Dates associated with a name
172-256 هجري
Relator term
مؤلف.
245 10 - TITLE STATEMENT
Title
جمهرة نسب قريش وأخبارها /
Statement of responsibility, etc.
للزبير بن بكار ؛ تحقيق محمود محمد شاكر ؛ إشراف حمد الجاسر.
250 ## - EDITION STATEMENT
Edition statement
الطبعة الثانية.
264 #1 - PRODUCTION, PUBLICATION, DISTRIBUTION, MANUFACTURE, AND COPYRIGHT NOTICE
Place of production, publication, distribution, manufacture
القاهرة ؛
--
الرياض :
Name of producer, publisher, distributor, manufacturer
دار اليمامة للبحث والترجمة،
Date of production, publication, distribution, manufacture, or copyright notice
1999
300 ## - PHYSICAL DESCRIPTION
Extent
2 مجلد ؛
Dimensions
24 سم
336 ## - CONTENT TYPE
Content type term
نص
Content type code
txt
Source
rdacontent
Materials specified
كتاب
337 ## - MEDIA TYPE
Media type term
بدون وسيط
Media type code
n
Source
rdamedia
338 ## - CARRIER TYPE
Carrier type term
مجلد
Carrier type code
nc
Source
rdacarrier
650 #7 - SUBJECT ADDED ENTRY--TOPICAL TERM
Topical term or geographic name entry element
القبائل العربية
Source of heading or term
aucsh
650 #7 - SUBJECT ADDED ENTRY--TOPICAL TERM
Topical term or geographic name entry element
قريش (قبيلة)
Source of heading or term
aucsh
650 #7 - SUBJECT ADDED ENTRY--TOPICAL TERM
Topical term or geographic name entry element
الأنساب والأعراق
Source of heading or term
aucsh
700 1# - ADDED ENTRY--PERSONAL NAME
Personal name
شاكر، محمود محمد،
Dates associated with a name
1909-1997
Relator term
محقق.
700 1# - ADDED ENTRY--PERSONAL NAME
Personal name
الجاسر، حمد،
Dates associated with a name
1328-1421 هجري
Relator term
مشرف.
856 ## - ELECTRONIC LOCATION AND ACCESS
Uniform Resource Identifier
<a href="http://www.alwaraq.net/Core/waraq/coverpage?bookid=580&option=1">http://www.alwaraq.net/Core/waraq/coverpage?bookid=580&option=1</a>
Link text
External Link
Access method
نرجو الانتباه لإمكانية وجود اختلاف في الطبعة أو الناشر بين البيانات على البوابة وما ستجده على الكتاب نظرا لمحدودية المعلومات المتاحة على الموقع الناشر للمادة.
Materials specified
Please note that there may be a difference in the edition or publisher between the data on the portal and the book due to the limited information available on the publisher website for the material.
856 ## - ELECTRONIC LOCATION AND ACCESS
Uniform Resource Identifier
<a href="http://www.alwaraq.net/Core/AlwaraqSrv/bookpage?book=580&option=1&fkey=2&page=1">http://www.alwaraq.net/Core/AlwaraqSrv/bookpage?book=580&option=1&fkey=2&page=1</a>
Link text
Digital Copy
Access method
نرجو الانتباه لإمكانية وجود اختلاف في الطبعة أو الناشر بين البيانات على البوابة وما ستجده على الكتاب نظرا لمحدودية المعلومات المتاحة على الموقع الناشر للمادة.
Materials specified
Please note that there may be a difference in the edition or publisher between the data on the portal and the book due to the limited information available on the publisher website for the material.
942 ## - ADDED ENTRY ELEMENTS (KOHA)
Source of classification or shelving scheme
Dewey Decimal Classification
Koha item type
Books
Suppress in OPAC
No
949 ## - LOCAL PROCESSING INFORMATION (OCLC)
a
SA-JeALM
d
250123
u
osman123
n
1
Holdings
Withdrawn status
Lost status
Source of classification or shelving scheme
Materials specified (bound volume or other part)
Damaged status
Not for loan
Home library
Current library
Date acquired
Total checkouts
Full call number
Barcode
Date last seen
Price effective from
Koha item type
Dewey Decimal Classification
الجزء الأول
DR AbdElwahab Library
DR AbdElwahab Library
01/23/2025
929.1 ز ب ي
000008269
01/23/2025
01/23/2025
Books
Dewey Decimal Classification
الجزء الثاني
DR AbdElwahab Library
DR AbdElwahab Library
01/23/2025
929.1 ز ب ي
000008270
01/23/2025
01/23/2025
Books
Dewey Decimal Classification
الجزء الثاني
DR AbdElwahab Library
DR AbdElwahab Library
01/30/2025
929.1 ز ب ي
000008587
01/30/2025
01/30/2025
Books
Dewey Decimal Classification
الجزء الاول
DR AbdElwahab Library
DR AbdElwahab Library
07/20/2025
929.1 ز ب ي
000016404
07/20/2025
07/20/2025
Books
Place hold
Print
Add to your cart
(remove)
Save record
BIBTEX
Dublin Core
MARCXML
MARC (non-Unicode/MARC-8)
MARC (Unicode/UTF-8)
MARC (Unicode/UTF-8, Standard)
MODS (XML)
RIS
ISBD
More searches
Search for this title in:
Other Libraries (WorldCat)
Other Databases (Google Scholar)
Online Stores (Bookfinder.com)
Open Library (openlibrary.org)
Exporting to Dublin Core...
×
Simple DC-RDF
OAI-DC
SRW-DC